000 00384nam a2200169Ia 4500
001 4471
003 IN-NITTTR
005 20251114233000.0
008 251113s9999||||xx |||||||||||||| ||eng||
040 _beng
040 _cIN-NITTTR
041 _aeng
082 _a659.1 C361A
100 _aChandor, Peter
245 0 _aAdvertising and publicity /
_cChandor, Peter
942 _2ddc
_cBK
999 _c7107
_d7107